Štúdio tanca
Enregistré dans:
| Auteur principal: | |
|---|---|
| Autres auteurs: | |
| Format: | Manuscrit Livre |
| Langue: | slovaque |
| Publié: |
Bratislava
2016
|
| Sujets: | |
| Accès en ligne: | http://is.stuba.sk/zp/portal_zp.pl?podrobnosti=102935 |
| Tags: |
Pas de tags, Soyez le premier à ajouter un tag!
|
MARC
| LEADER | 00000ntm a22000003a 4500 | ||
|---|---|---|---|
| 001 | stuzp57354 | ||
| 003 | SK-STU | ||
| 005 | 20210216112510.8 | ||
| 007 | ta | ||
| 008 | 150427s2015----xo-----f-mn---000-0-slo-d | ||
| 040 | |a STU |b slo | ||
| 041 | 0 | |a slo | |
| 100 | 1 | |a Volná, Marianna |u 053130 |4 aut |U FAD Fakulta architektúry |T FA Ústav dejín a teórie architektúry a obnovy pamiatok |X 70364 |U A3130 |Y 394 |7 70364 | |
| 242 | 0 | 1 | |a Dance studio |y eng |
| 245 | 1 | 0 | |a Štúdio tanca |
| 260 | |c 2016 |a Bratislava | ||
| 650 | 4 | |a Tanec |2 slo | |
| 650 | 4 | |a Variabilita |2 slo | |
| 650 | 4 | |a Kontinuálnosť |2 slo | |
| 650 | 4 | |a Variability |2 eng | |
| 650 | 4 | |a Dance |2 eng | |
| 650 | 4 | |a Continual |2 eng | |
| 700 | 1 | |a Botek, Andrej |u 053130 |k Z2 |4 ths |U FAD Fakulta architektúry |T FA Ústav dejín a teórie architektúry a obnovy pamiatok |X 351 |U A3130 |Y 394 |7 A000000351 | |
| 856 | 4 | |u http://is.stuba.sk/zp/portal_zp.pl?podrobnosti=102935 |u https://opac.crzp.sk/?fn=detailBiblioForm&sid=28C7416B5E23CF19957F70CEF8E1 | |
| SQL | |a stuzp57354 |b DBP |c SLO |d Štúdio tanca |e 70364 |f Volná, Marianna |g 053130 |h 351 |i Botek, Andrej |j 20160609 |k 149 |l 05 |m http://is.stuba.sk/zp/portal_zp.pl?podrobnosti=102935 |n B-AU |o 5.1.1. architektúra a urbanizmus | ||